[Event "FRA-ch U18"]
[Site "Montlucon"]
[Date "2011.04.18"]
[Round "2"]
[White "Dionisi, Thomas"]
[Black "Copin, Valentin"]
[Result "1/2-1/2"]
[WhiteElo "2183"]
[BlackElo "1887"]
[PlyCount "105"]
[EventDate "2011.04.17"]
[EventType "swiss"]
[EventRounds "9"]
[EventCountry "FRA"]
[SourceTitle "CBM 142 Extra"]
[Source "ChessBase"]
[SourceDate "2011.06.27"]
[SourceVersion "1"]
[SourceVersionDate "2011.06.27"]
[SourceQuality "1"]

1. e4 c5 2. Nf3 e6 3. c3 Nf6 4. e5 Nd5 5. d4 cxd4 6. cxd4 d6 7. a3 Bd7 8. Bd3 Bc6 9. 0-0 Nd7 10. Qe2 Qc7 11. Re1 Be7 12. exd6 Bxd6 13. Ne5 0-0 14. Bd2 a6 15. Nc3 N7f6 16. Rac1 Ne7 17. Bg5 Bxe5 18. dxe5 Nfd5 19. Nxd5 Nxd5 20. Rc4 g6 21. Qg4 Qa5 22. Rec1 Bb5 23. Rd4 Bxd3 24. Rxd3 Rac8 25. Rcd1 Rc2 26. Qh4 Rfc8 27. Rf3 h5 28. h3 Qc7 29. Bf6 Nxf6 30. Qxf6 Rc1 31. Rxc1 Qxc1+ 32. Kh2 Rf8 33. g4 hxg4 34. hxg4 Qh6+ 35. Kg2 Qg7 36. Rc3 Qxf6 37. exf6 Rd8 38. Rc7 b5 39. Kg3 g5 40. Rc5 Rd5 41. Rxd5 exd5 42. f4 gxf4+ 43. Kxf4 Kh7 44. Ke5 Kg6 45. Kxd5 Kxf6 46. Ke4 Kg5 47. Kf3 f5 48. gxf5 Kxf5 49. Ke3 Ke5 50. Kd3 Kd5 51. b4 a5 52. bxa5 Kc6 53. Kc3 1/2-1/2

[Event "FRA-ch U12"]
[Site "Aix les Bains"]
[Date "2006.??.??"]
[Round "7"]
[White "Savalle, Alexandre"]
[Black "Copin, Valentin"]
[Result "0-1"]
[WhiteElo "1879"]
[BlackElo "1780"]
[PlyCount "98"]
[EventDate "2006.04.16"]
[EventType "swiss"]
[EventRounds "9"]
[EventCountry "FRA"]
[SourceTitle "EXT 2007"]
[Source "ChessBase"]
[SourceDate "2006.11.23"]
[SourceVersion "1"]
[SourceVersionDate "2006.11.23"]
[SourceQuality "1"]

1. e4 e6 2. d4 d5 3. e5 c5 4. c3 Qb6 5. Nf3 Bd7 6. a3 cxd4 7. cxd4 Bb5 8. Bxb5+ Qxb5 9. Nc3 Qa6 10. Ne2 Nc6 11. Bd2 Nge7 12. b4 Nf5 13. 0-0 Be7 14. Bc3 0-0 15. Ne1 Rac8 16. f4 Ne3 17. Qd2 Nxf1 18. Kxf1 f6 19. Kg1 fxe5 20. fxe5 h6 21. Nf3 Nd8 22. Bb2 Nf7 23. h4 Rc4 24. Nf4 Rfc8 25. Ng6 Bf8 26. Qf4 Nh8 27. h5 R4c7 28. Rc1 Rxc1+ 29. Bxc1 Qc6 30. Be3 Qd7 31. Nfh4 Qf7 32. Qg4 Nxg6 33. Nxg6 Qf5 34. Qg3 Qxh5 35. Nf4 Qf7 36. Qg4 Re8 37. Nh5 Kh8 38. Qh3 Qf5 39. g4 Qb1+ 40. Kh2 Qh7 41. Qf3 Be7 42. Qf7 Qg8 43. Qg6 Bg5 44. Bxg5 hxg5 45. Nxg7 Re7 46. Qh6+ Qh7 47. Qxh7+ Kxh7 48. Nh5 Rc7 49. Nf6+ Kg6 0-1

[Event "FRA-chT U20 0506"]
[Site "France"]
[Date "2005.11.13"]
[Round "3.5"]
[White "Domenech, Vianney"]
[Black "Copin, Valentin"]
[Result "1-0"]
[WhiteElo "1749"]
[BlackElo "1550"]
[PlyCount "55"]
[EventDate "2005.11.12"]
[EventType "team"]
[EventRounds "3"]
[EventCountry "FRA"]
[SourceTitle "CBM 109 Extra"]
[Source "ChessBase"]
[SourceDate "2006.01.03"]
[SourceVersion "2"]
[SourceVersionDate "2006.01.03"]
[SourceQuality "1"]

1. d4 Nf6 2. c3 d5 3. Bg5 Bf5 4. Nd2 Nbd7 5. e3 e6 6. Be2 Be7 7. f4 Ne4 8. Bxe7 Qxe7 9. Ngf3 c5 10. Ne5 Qh4+ 11. g3 Nxg3 12. Ndf3 Qh6 13. Qa4 Rd8 14. Nxd7 Nxh1 15. Nde5+ Ke7 16. Qxa7 Kf6 17. Qxb7 Rhf8 18. Nd7+ Rxd7 19. Qxd7 cxd4 20. cxd4 Qg6 21. Qd6 Rh8 22. Qe5+ Ke7 23. Rc1 Ra8 24. Ng5 Be4 25. Rc7+ Kf8 26. Qd6+ Kg8 27. Qd7 h6 28. Rc8+ 1-0

[Event "FRA-chT U20 0304"]
[Site "France"]
[Date "2004.01.02"]
[Round "5"]
[White "Treand, Victor"]
[Black "Copin, Valentin"]
[Result "0-1"]
[WhiteElo "1070"]
[BlackElo "1370"]
[PlyCount "116"]
[EventDate "2003.11.??"]
[EventType "team"]
[EventRounds "11"]
[EventCountry "FRA"]
[SourceTitle "EXT 2005"]
[Source "ChessBase"]
[SourceDate "2004.11.15"]
[SourceVersion "1"]
[SourceVersionDate "2004.11.15"]
[SourceQuality "1"]
[WhiteTeam "Nancy"]
[BlackTeam "Cannes"]
[WhiteTeamCountry "FRA"]
[BlackTeamCountry "FRA"]

1. e4 e5 2. d4 exd4 3. c3 dxc3 4. Nxc3 Nf6 5. e5 Ng8 6. Bc4 Bc5 7. Qd5 Qe7 8. Nf3 Nc6 9. 0-0 Nb4 10. Qd2 Qd8 11. Re1 Ne7 12. a3 Nbc6 13. Nd5 0-0 14. Qc2 d6 15. exd6 cxd6 16. Bg5 Re8 17. Rad1 Qd7 18. Bb5 Nxd5 19. Rxd5 a6 20. Bc4 Rxe1+ 21. Nxe1 b5 22. Bb3 Nd4 23. Qd3 Bb7 24. Rxd4 Bxd4 25. Qxd4 Re8 26. Nd3 Be4 27. h3 Qf5 28. f3 Bxd3 29. Bd2 Qc5 30. Qxc5 dxc5 31. a4 c4 32. Bd1 Rd8 33. Ba5 Rc8 34. Kf2 Rb8 35. axb5 Rxb5 36. Bc3 Rb8 37. Ke3 Ra8 38. Be2 Bxe2 39. Kxe2 Rc8 40. Kd1 Kf8 41. g4 Ke7 42. Bxg7 a5 43. Bc3 a4 44. Kc1 Rd8 45. f4 Rd3 46. h4 Rg3 47. g5 Rg4 48. Bf6+ Ke6 49. Kc2 Rxf4 50. h5 Rxf6 51. gxf6 Kxf6 52. Kc3 Kg5 53. Kxc4 f5 54. Kd3 Kxh5 55. Ke3 Kg4 56. Kf2 h5 57. b4 axb3 58. Kg2 b2 0-1

[Event "FRA-chT U20 0304"]
[Site "France"]
[Date "2003.11.23"]
[Round "3"]
[White "Domenech, Vianney"]
[Black "Copin, Valentin"]
[Result "1/2-1/2"]
[WhiteElo "1580"]
[BlackElo "1370"]
[PlyCount "63"]
[EventDate "2003.11.??"]
[EventType "team"]
[EventRounds "11"]
[EventCountry "FRA"]
[SourceTitle "EXT 2005"]
[Source "ChessBase"]
[SourceDate "2004.11.15"]
[SourceVersion "1"]
[SourceVersionDate "2004.11.15"]
[SourceQuality "1"]
[WhiteTeam "Montpellier"]
[BlackTeam "Cannes"]
[WhiteTeamCountry "FRA"]
[BlackTeamCountry "FRA"]

1. e4 e5 2. Nf3 Nc6 3. Bc4 Bc5 4. c3 Nf6 5. d4 exd4 6. cxd4 Bb4+ 7. Bd2 Bxd2+ 8. Nbxd2 d5 9. exd5 Nxd5 10. 0-0 0-0 11. Nb3 Bg4 12. h3 Bh5 13. Nc5 Na5 14. Be2 b6 15. Ne4 Re8 16. Ng3 Nf4 17. Re1 Nxe2+ 18. Rxe2 Bxf3 19. Rxe8+ Qxe8 20. Qxf3 Nc4 21. b3 Nd6 22. Rc1 Nb5 23. d5 Rd8 24. a4 Nd4 25. Qd3 Rxd5 26. Rxc7 a5 27. Qc4 Rd6 28. Ne4 Rd7 29. Rc8 Rd8 30. Nd6 Rxc8 31. Qxc8 Qxc8 32. Nxc8 1/2-1/2